000 00746nam a22002057a 4500
003 0
005 20260205130041.0
008 260205b xxu||||| |||| 00| 0 eng d
020 _a978-1-5296-8976-1
050 _aTR 302.2
_bKen33 2025
082 _aTR 302.2
_bKen33 2025
245 _aCommunication & language in early childhood today /
_cedited by Julie Kent and Tanya Richardson.
260 _aLondon :
_bLearning Matters,
_c2025.
300 _axiv, 167 pages ;
_c25 cm.
504 _aIncludes bibliographical references and index.
650 _aLanguage acquisition
_vStudy and teaching (Early childhood).
650 _aOral communication
_vStudy and teaching (Early childhood).
650 _aCommunication in education.
942 _2ddc
_cBK
999 _c368813
_d368813